Wikipedia Articles by mentions of China - Statistics

General Stats
  • This quiz has been taken 33 times
  • The average score is 27 of 45
Answer Stats
# Country % Correct
970 China
100%
26 Japan
100%
38 Mongolia
92%
30 North Korea
92%
14 United States
92%
19 India
88%
49 South Korea
88%
358 Taiwan
88%
20 Bhutan
81%
32 Myanmar
81%
27 Nepal
81%
14 Thailand
81%
76 Vietnam
81%
10 Indonesia
77%
19 Malaysia
77%
30 Singapore
77%
16 Bangladesh
73%
17 Cambodia
73%
15 Kyrgyzstan
73%
53 Pakistan
73%
12 Tajikistan
73%
14 Kazakhstan
69%
27 Laos
69%
18 Afghanistan
65%
36 Philippines
65%
8 Iran
62%
8 Sri Lanka
58%
11 Turkmenistan
58%
8 New Zealand
54%
25 Saudi Arabia
50%
11 Kenya
38%
8 DR Congo
35%
9 Italy
35%
9 Kiribati
35%
9 Nauru
35%
11 Solomon Islands
31%
12 Vanuatu
31%
11 Qatar
27%
10 Sudan
27%
19 Kuwait
23%
11 Djibouti
19%
17 Venezuela
19%
10 Zimbabwe
19%
12 Angola
15%
10 Guinea
8%
No matching quizzes found
Score Distribution
Percent of People with Each Score
Percentile by Number Answered
Your Score History
You have not taken this quiz